[Event "COL-ch sf (Women)"]
[Site "Pereira"]
[Date "2024.03.30"]
[Round "6"]
[White "Mateus, Martha"]
[Black "Mogollon Tobar, Nicolle Juliet"]
[Result "1/2-1/2"]
[WhiteElo "1932"]
[BlackElo "1956"]
[PlyCount "124"]
[EventDate "2024.03.27"]
[EventType "swiss"]
[EventRounds "9"]
[EventCountry "COL"]
[SourceTitle "CB14_2024"]
[SourceDate "2024.04.01"]
[SourceVersion "1"]
[SourceVersionDate "2024.04.01"]
[SourceQuality "1"]

1. e4 e5 2. Nc3 Nf6 3. f4 d5 4. fxe5 Nxe4 5. Nf3 Be7 6. Qe2 Nxc3 7. dxc3 c5 8. Bf4 Nc6 9. 0-0-0 Be6 10. Kb1 Qa5 11. h4 h6 12. g3 a6 13. Bh3 0-0-0 14. Bxe6+ fxe6 15. Qd3 Rhe8 16. Qg6 Bf8 17. Rhf1 Qb5 18. Rfe1 Na5 19. g4 Qd7 20. g5 Nc6 21. gxh6 Ne7 22. Qg1 gxh6 23. Qxc5+ Nc6 24. Qe3 Qf7 25. Rg1 Bc5 26. Qxc5 Qxf4 27. Nd4 Qxe5 28. Nxc6 Qc7 29. Na7+ Kb8 30. Qe3 e5 31. Rg6 d4 32. cxd4 exd4 33. Nc6+ Qxc6 34. Qxh6 Qf3 35. Rc1 Rh8 36. Qg5 Ka8 37. Qg4 Qd5 38. Rg5 Qd6 39. a3 d3 40. cxd3 Qxd3+ 41. Ka2 Qd7 42. Qxd7 Rxd7 43. Rc4 Rdh7 44. Rgg4 Rh5 45. Kb3 Ka7 46. Kc3 R8h7 47. b4 R5h6 48. a4 b5 49. axb5 axb5 50. Rc5 Rxh4 51. Rxh4 Rxh4 52. Rxb5 Ka6 53. Rd5 Kb6 54. Kb3 Rh1 55. Rf5 Kc6 56. Rf6+ Kb5 57. Rf5+ Kc6 58. Rg5 Kb6 59. Kc3 Rh4 60. Rg6+ Kb5 61. Rg5+ Kb6 62. Kb3 Rh1 1/2-1/2

[Event "COL-ch sf (Women)"]
[Site "Pereira"]
[Date "2024.03.28"]
[Round "2"]
[White "Mateus, Martha"]
[Black "Montilla Reyes, Jorcerys"]
[Result "1-0"]
[WhiteElo "1932"]
[BlackElo "2189"]
[PlyCount "105"]
[EventDate "2024.03.27"]
[EventType "swiss"]
[EventRounds "9"]
[EventCountry "COL"]
[SourceTitle "CB14_2024"]
[SourceDate "2024.04.01"]
[SourceVersion "1"]
[SourceVersionDate "2024.04.01"]
[SourceQuality "1"]

1. e4 c5 2. Nf3 Nc6 3. d4 cxd4 4. Nxd4 Qb6 5. Nb3 Nf6 6. Nc3 e6 7. Qe2 Bb4 8. Bd2 0-0 9. a3 Be7 10. f4 d5 11. e5 Nd7 12. 0-0-0 f6 13. exf6 Nxf6 14. Be3 Qc7 15. g4 Na5 16. Nxa5 Qxa5 17. g5 Ne8 18. Bd2 Nd6 19. Bg2 Qd8 20. Rhe1 Nf5 21. Kb1 Bd7 22. Bc1 d4 23. Ne4 Qb6 24. Ka1 Rac8 25. Ng3 Nh4 26. Be4 g6 27. Bd3 Qc6 28. Ne4 Nf5 29. Rh1 b5 30. h4 b4 31. h5 bxa3 32. hxg6 axb2+ 33. Bxb2 Qa4+ 34. Kb1 Rb8 35. Bc4 hxg6 36. Nf6+ Bxf6 37. gxf6 Qb4 38. Bxe6+ Bxe6 39. Qxe6+ Rf7 40. Qa2 Rb6 41. Rdg1 Rbxf6 42. Qd5 Rb6 43. Qa2 Kf8 44. Kc1 Ke8 45. Rh8+ Kd7 46. Qxf7+ Ne7 47. Qa2 d3 48. Rd1 Qxf4+ 49. Kb1 d2 50. Qxa7+ Kc6 51. Qxe7 Rxb2+ 52. Kxb2 Qd4+ 53. c3 1-0

[Event "COL-chT (Women)"]
[Site "Risaralda"]
[Date "2023.11.19"]
[Round "1.2"]
[White "Espinel Forero, Aura Maria"]
[Black "Mateus, Martha"]
[Result "0-1"]
[WhiteElo "1541"]
[BlackElo "1908"]
[PlyCount "102"]
[EventDate "2023.11.19"]
[EventType "team-swiss"]
[EventRounds "7"]
[EventCountry "COL"]
[SourceTitle "CB49_2023"]
[SourceDate "2023.12.06"]
[SourceVersion "1"]
[SourceVersionDate "2023.12.06"]
[SourceQuality "1"]
[WhiteTeam "Quindio (W)"]
[BlackTeam "Valle (W)"]
[WhiteTeamCountry "COL"]
[BlackTeamCountry "COL"]

1. e4 c5 2. Nf3 a6 3. d4 cxd4 4. Nxd4 Nf6 5. Nc3 e5 6. Nf3 Bb4 7. Bd3 d5 8. Nd2 dxe4 9. Ncxe4 Nxe4 10. Bxe4 0-0 11. c3 Be7 12. 0-0 Qc7 13. Qc2 f5 14. Bd5+ Kh8 15. Nf3 Nc6 16. Ng5 Nb4 17. Qb3 Nxd5 18. Qxd5 Bxg5 19. Bxg5 h6 20. Bc1 Bd7 21. f4 Bb5 22. Re1 e4 23. Be3 Rad8 24. Qc5 Qf7 25. Rad1 Bd3 26. Bd4 Rc8 27. Qb4 Rc4 28. Qb6 Rc6 29. Qb4 Re8 30. Re3 Rg6 31. Rh3 Kh7 32. Re1 Rg4 33. Be3 Qg6 34. g3 Qf7 35. b3 b5 36. a4 Rg6 37. axb5 axb5 38. Ra1 Rge6 39. Qa3 Be2 40. Qc5 R6e7 41. Qb4 Rd7 42. Kf2 Bg4 43. Rh4 Qd5 44. h3 Bf3 45. Qd4 Qc6 46. Qb4 Ra8 47. Ra5 Rxa5 48. Qxa5 Qd5 49. Bd4 Qxb3 50. g4 Qc2+ 51. Kf1 Qe2+ 0-1

[Event "Pereira Fiestas de la Cosecha op"]
[Site "Pereira"]
[Date "2023.08.26"]
[Round "5"]
[White "Mateus, Martha"]
[Black "Espinel Forero, Aura Maria"]
[Result "1-0"]
[WhiteElo "1955"]
[BlackElo "1506"]
[PlyCount "67"]
[EventDate "2023.08.24"]
[EventType "swiss"]
[EventRounds "7"]
[EventCountry "COL"]
[SourceTitle "EXT 2024"]
[Source "ChessBase"]
[SourceDate "2023.10.10"]
[SourceVersion "1"]
[SourceVersionDate "2023.10.10"]
[SourceQuality "1"]

1. e4 c5 2. c3 Nf6 3. e5 Nd5 4. d4 cxd4 5. Nf3 Nc6 6. Bc4 Nb6 7. Bb3 d6 8. exd6 Qxd6 9. cxd4 Bg4 10. Bxf7+ Kxf7 11. Ng5+ Ke8 12. Qxg4 Qxd4 13. Qe2 Qb4+ 14. Nc3 Nd4 15. Qe4 Qc4 16. Be3 Nc6 17. 0-0-0 Qxe4 18. Ncxe4 Nc4 19. Rhe1 h6 20. Ne6 Kf7 21. Nd4 N6e5 22. b3 Nxe3 23. fxe3 e6 24. Rf1+ Kg6 25. Nxe6 Ba3+ 26. Kb1 Rac8 27. Rd5 Ng4 28. Rd7 Rhg8 29. Nf4+ Kf5 30. Ng3+ Kf6 31. Ngh5+ Kf5 32. Rd5+ Ke4 33. Ng3+ Kxe3 34. Rd3# 1-0

[Event "Rivera Hernandez Memorial"]
[Site "Rivera Huila"]
[Date "2023.07.21"]
[Round "6"]
[White "Narvaez Ramirez, Faber Alberto"]
[Black "Mateus, Martha"]
[Result "1/2-1/2"]
[WhiteElo "2079"]
[BlackElo "2036"]
[PlyCount "154"]
[EventDate "2023.07.19"]
[EventType "swiss"]
[EventRounds "10"]
[EventCountry "COL"]
[SourceTitle "CBM 215 Extra"]
[Source "ChessBase"]
[SourceDate "2023.09.30"]
[SourceVersion "1"]
[SourceVersionDate "2023.09.30"]
[SourceQuality "1"]

1. c4 Nf6 2. Nc3 e6 3. a3 c5 4. Nf3 d5 5. e3 Nc6 6. d4 a6 7. Be2 dxc4 8. Bxc4 cxd4 9. exd4 Be7 10. 0-0 0-0 11. d5 exd5 12. Nxd5 Nxd5 13. Bxd5 Bf6 14. Bxc6 Qxd1 15. Rxd1 bxc6 16. Bg5 Bxb2 17. Ra2 Bf6 18. Bxf6 gxf6 19. Rc2 Bb7 20. Rd7 Rad8 21. Rcd2 Rb8 22. h3 c5 23. Rc2 Rfc8 24. Nd2 Kg7 25. f3 Bc6 26. Rd6 Bb5 27. Ne4 c4 28. Nxf6 Ba4 29. Rc3 Rb3 30. Nd5 Rc5 31. Rc1 c3 32. Ne3 c2 33. Nxc2 Rxc2 34. Rxc2 Rb1+ 35. Kf2 Bxc2 36. Rxa6 Bd3 37. Ra5 Rb2+ 38. Kg1 Ra2 39. h4 h6 40. Ra7 Bb5 41. Ra5 Bc6 42. Rc5 Ba4 43. Rc3 Rb2 44. Rc4 Bd1 45. Rd4 Bb3 46. Rb4 Rb1+ 47. Kf2 Ba2 48. Ra4 Rb2+ 49. Kg1 Be6 50. Ra7 Kf6 51. Ra5 Ra2 52. Rh5 Kg6 53. Ra5 Rd2 54. Kh2 Bd5 55. Kh3 Kf5 56. Kg3 Ke5 57. Ra6 Be6 58. Ra5+ Rd5 59. Ra8 Rd6 60. Ra5+ Kd4 61. Kf2 Kc4 62. Ra8 Bd5 63. Ra7 Kb3 64. Ke3 Bc4 65. h5 Ra6 66. Rxa6 Bxa6 67. Kf4 Bd3 68. Ke5 Bf1 69. g4 Be2 70. Ke4 Kxa3 71. g5 hxg5 72. h6 Bd1 73. Kf5 Bc2+ 74. Kxg5 Kb4 75. f4 Bg6 76. Kf6 Kc5 77. Kg7 Kd4 1/2-1/2

[Event "Teplice op"]
[Site "Teplice"]
[Date "2023.06.10"]
[Round "1"]
[White "Kantor, Gergely"]
[Black "Mateus, Martha"]
[Result "1-0"]
[WhiteElo "2520"]
[BlackElo "2027"]
[PlyCount "49"]
[EventDate "2023.06.10"]
[EventType "swiss"]
[EventRounds "9"]
[EventCountry "CZE"]
[SourceTitle "CBM 214 Extra"]
[Source "ChessBase"]
[SourceDate "2023.07.31"]
[SourceVersion "1"]
[SourceVersionDate "2023.07.31"]
[SourceQuality "1"]

1. d4 d5 2. c4 e6 3. Nc3 c5 4. cxd5 exd5 5. Nf3 Nc6 6. dxc5 d4 7. Na4 Nf6 8. a3 Bg4 9. b4 Be7 10. Bb2 b5 11. cxb6 axb6 12. b5 Bxf3 13. exf3 Nb4 14. Bc4 Qc7 15. 0-0 Qxc4 16. Nxb6 Qxb5 17. Nxa8 Nbd5 18. Bxd4 0-0 19. Rb1 Qa5 20. Nb6 Nxb6 21. Bxb6 Qxa3 22. Qb3 Qd6 23. Rfd1 Qb8 24. Qe3 Bd6 25. Bc5 1-0

[Event "Manizales op 28th"]
[Site "Manizales"]
[Date "2023.01.08"]
[Round "7"]
[White "Mateus, Martha"]
[Black "Vargas, Mauricio"]
[Result "1-0"]
[WhiteElo "2005"]
[BlackElo "2125"]
[PlyCount "89"]
[EventDate "2023.01.05"]
[EventType "swiss"]
[EventRounds "8"]
[EventCountry "COL"]
[SourceTitle "CBM 212 Extra"]
[Source "ChessBase"]
[SourceDate "2023.03.31"]
[SourceVersion "1"]
[SourceVersionDate "2023.03.31"]
[SourceQuality "1"]

1. e4 c5 2. Nf3 Nc6 3. d4 cxd4 4. Nxd4 e6 5. Nc3 Qc7 6. Nxc6 dxc6 7. Qf3 Nf6 8. g4 e5 9. g5 Nd7 10. h4 Nc5 11. Be3 Ne6 12. 0-0-0 Bb4 13. Ne2 Qa5 14. Kb1 Bc5 15. Bh3 Qb6 16. Qg3 0-0 17. h5 Nf4 18. Bxc5 Qxc5 19. Nxf4 exf4 20. Qxf4 f6 21. g6 Bxh3 22. Rxh3 Rad8 23. Rxd8 Rxd8 24. Rh1 Qe5 25. Qe3 Qd4 26. Qxd4 Rxd4 27. f3 hxg6 28. hxg6 Kf8 29. Kc1 f5 30. exf5 Rf4 31. Rh8+ Ke7 32. Rg8 Kf6 33. Rf8+ Kg5 34. Rf7 Kh6 35. Rxb7 Rxf5 36. Rxa7 Rxf3 37. Rc7 Rf6 38. a4 Kxg6 39. b4 Kh6 40. a5 g5 41. a6 g4 42. a7 Rf8 43. Rxc6+ Kh5 44. b5 g3 45. Rc3 1-0

[Event "Cali Valle Colombia op-A"]
[Site "Cali Valle Colombia"]
[Date "2022.12.27"]
[Round "3"]
[White "Campos Gomez, Manuel"]
[Black "Mateus, Martha"]
[Result "1-0"]
[WhiteElo "2331"]
[BlackElo "2005"]
[PlyCount "69"]
[EventDate "2022.12.26"]
[EventType "swiss"]
[EventRounds "9"]
[EventCountry "COL"]
[SourceTitle "CBM 211 Extra"]
[Source "ChessBase"]
[SourceDate "2023.01.31"]
[SourceVersion "1"]
[SourceVersionDate "2023.01.31"]
[SourceQuality "1"]

1. d4 d5 2. c4 e6 3. Nf3 Nf6 4. Nc3 Bb4 5. e3 0-0 6. Bd3 Nbd7 7. 0-0 c5 8. cxd5 exd5 9. Ne2 c4 10. Bc2 Re8 11. b3 cxb3 12. axb3 Qe7 13. Bb2 Bd6 14. Ng3 g6 15. Bd3 Nb8 16. Ne5 Nc6 17. f4 Nb4 18. Bb1 Nd7 19. e4 Nf6 20. f5 dxe4 21. fxg6 fxg6 22. Nxe4 Nbd5 23. Qf3 Rf8 24. Ng5 Kg7 25. Bd3 Bb4 26. Nxh7 Nxh7 27. Qxd5 Be6 28. Qe4 Bf5 29. Qe2 Rae8 30. Bxf5 Rxf5 31. Rxf5 gxf5 32. Qh5 Qe6 33. d5 Qb6+ 34. Kh1 Qb5 35. Qf7+ 1-0

[Event "COL-chT (Women)"]
[Site "Santa Marta"]
[Date "2022.11.04"]
[Round "5.2"]
[White "Chirivi Castiblanco, Jenny Astrid"]
[Black "Mateus, Martha"]
[Result "1-0"]
[WhiteElo "2132"]
[BlackElo "2012"]
[PlyCount "105"]
[EventDate "2022.11.02"]
[EventType "team-swiss"]
[EventRounds "7"]
[EventCountry "COL"]
[SourceTitle "CBM 211 Extra"]
[Source "ChessBase"]
[SourceDate "2023.01.31"]
[SourceVersion "1"]
[SourceVersionDate "2023.01.31"]
[SourceQuality "1"]
[WhiteTeam "Antioquia (W)"]
[BlackTeam "Valle (W)"]
[WhiteTeamCountry "COL"]
[BlackTeamCountry "COL"]

1. d4 Nf6 2. c4 c5 3. d5 b5 4. cxb5 a6 5. e3 e6 6. Nc3 exd5 7. Nf3 Bb7 8. Be2 axb5 9. Bxb5 Na6 10. 0-0 Be7 11. b3 Nc7 12. Bd3 Ne4 13. Bb2 Bf6 14. Na4 Bxb2 15. Nxb2 0-0 16. Re1 Qe7 17. Qc2 d6 18. Na4 Bc6 19. Nc3 Rfb8 20. Ne2 Na6 21. a3 Rb6 22. Ng3 g6 23. Red1 Rab8 24. Rdb1 Qb7 25. Ne2 Rxb3 26. Rxb3 Qxb3 27. Qxb3 Rxb3 28. Bxa6 Rb6 29. Bd3 f5 30. Rb1 Rxb1+ 31. Bxb1 Bb5 32. Nf4 Nc3 33. Bc2 Kg7 34. Bb3 Bc6 35. h4 h6 36. Kf1 Kf6 37. Ke1 g5 38. hxg5+ hxg5 39. Ne2 Ne4 40. a4 g4 41. Nd2 c4 42. Bc2 Nc5 43. a5 d4 44. Nxd4 Bxg2 45. Nxc4 Ke7 46. Nxf5+ Kd7 47. Nfxd6 Kc6 48. e4 Na6 49. e5 Bd5 50. Ne3 Nb4 51. Bf5 g3 52. fxg3 Bb3 53. g4 1-0

[Event "COL-chT (Women)"]
[Site "Santa Marta"]
[Date "2022.11.03"]
[Round "3.2"]
[White "Chirivi Castiblanco, Angie Lizeth"]
[Black "Mateus, Martha"]
[Result "1/2-1/2"]
[WhiteElo "2067"]
[BlackElo "2012"]
[PlyCount "116"]
[EventDate "2022.11.02"]
[EventType "team-swiss"]
[EventRounds "7"]
[EventCountry "COL"]
[SourceTitle "CBM 211 Extra"]
[Source "ChessBase"]
[SourceDate "2023.01.31"]
[SourceVersion "1"]
[SourceVersionDate "2023.01.31"]
[SourceQuality "1"]
[WhiteTeam "Antioquia (W) II"]
[BlackTeam "Valle (W)"]
[WhiteTeamCountry "COL"]
[BlackTeamCountry "COL"]

1. Nf3 Nf6 2. g3 d5 3. Bg2 Bf5 4. 0-0 e6 5. c4 c6 6. cxd5 exd5 7. d3 h6 8. Qb3 Qb6 9. Qc2 Be7 10. Nc3 0-0 11. Bf4 Nbd7 12. e4 Bh7 13. h3 dxe4 14. dxe4 Bb4 15. Nd2 Nd5 16. Nc4 Qa6 17. Nxd5 cxd5 18. Ne3 dxe4 19. Bxe4 Nf6 20. Bxh7+ Nxh7 21. Rfd1 Qe6 22. Qf5 Qxf5 23. Nxf5 Rfd8 24. a3 Bf8 25. Rac1 Nf6 26. Rxd8 Rxd8 27. Rc7 Nd5 28. Rxb7 Nxf4 29. gxf4 Rd1+ 30. Kg2 Bc5 31. Ne7+ Kh7 32. b4 Bb6 33. Nc6 Rd2 34. Rxf7 Rxf2+ 35. Kg3 Ra2 36. Ne7 Rxa3+ 37. Kg4 Bd8 38. Nc6 Bb6 39. f5 h5+ 40. Kxh5 Rxh3+ 41. Kg4 Rc3 42. Ne5 Rc1 43. Rf8 Rg1+ 44. Kf3 Rf1+ 45. Kg4 Rg1+ 46. Kf3 Rf1+ 47. Ke4 Rb1 48. Nf7 Rxb4+ 49. Ke5 Bc7+ 50. Ke6 Rb8 51. Rxb8 Bxb8 52. f6 gxf6 53. Kxf6 a5 54. Ng5+ Kh6 55. Ne4 Kh5 56. Nc5 Kg4 57. Ke6 Kf4 58. Kd5 Ke3 1/2-1/2

[Event "COL-ch (Women)"]
[Site "Boyaca"]
[Date "2022.08.18"]
[Round "4"]
[White "Mateus, Martha"]
[Black "Toro Castaneda, Elizabeth"]
[Result "1-0"]
[WhiteElo "1982"]
[BlackElo "1937"]
[PlyCount "75"]
[EventDate "2022.08.17"]
[EventType "swiss"]
[EventRounds "9"]
[EventCountry "COL"]
[SourceTitle "CBM 210 Extra"]
[Source "ChessBase"]
[SourceDate "2022.11.30"]
[SourceVersion "1"]
[SourceVersionDate "2022.11.30"]
[SourceQuality "1"]

1. e4 c5 2. c3 d5 3. exd5 Qxd5 4. d4 g6 5. Nf3 Bg7 6. Be3 cxd4 7. cxd4 Nh6 8. Nc3 Qa5 9. Bc4 0-0 10. 0-0 Nf5 11. Qd2 Nd6 12. Bb3 Bg4 13. Nd5 Qd8 14. Ne5 Be6 15. Qc2 Na6 16. Nf4 Bxb3 17. Qxb3 e6 18. Rad1 Qe7 19. Rfe1 Nf5 20. Bc1 Qc7 21. Nf3 Rad8 22. Ne2 b6 23. Bf4 Qb7 24. Be5 Nc7 25. Nc3 Nd5 26. Ne4 h5 27. h3 h4 28. a3 Rc8 29. Rd3 Rfd8 30. Qd1 Qc6 31. Bxg7 Kxg7 32. Ne5 Qc2 33. Qg4 Qxb2 34. Ng5 Rc1 35. Nxe6+ Kh8 36. Nxf7+ Kh7 37. Rxc1 Qxc1+ 38. Rd1 1-0

[Event "COL-ch (Women)"]
[Site "Boyaca"]
[Date "2022.08.17"]
[Round "1"]
[White "Mateus, Martha"]
[Black "Garcia, Karen Geraldin"]
[Result "1-0"]
[WhiteElo "1982"]
[BlackElo "1404"]
[PlyCount "35"]
[EventDate "2022.08.17"]
[EventType "swiss"]
[EventRounds "9"]
[EventCountry "COL"]
[SourceTitle "CBM 210 Extra"]
[Source "ChessBase"]
[SourceDate "2022.11.30"]
[SourceVersion "1"]
[SourceVersionDate "2022.11.30"]
[SourceQuality "1"]

1. e4 c5 2. c3 e5 3. d4 cxd4 4. cxd4 d6 5. dxe5 Qa5+ 6. Bd2 Qxe5 7. Nc3 Nf6 8. Nf3 Qc5 9. Rc1 Ng4 10. Qe2 Qh5 11. Nd5 Na6 12. Qb5+ Kd8 13. Ba5+ b6 14. Bxb6+ axb6 15. Qxb6+ Kd7 16. Qc6+ Kd8 17. Bb5 f6 18. Qb6+ 1-0